Statistics for Top 15 zemí s případy Covid-19 - 7. dubna 2021

Click here to take the quiz!

General Stats

  • This quiz has been taken 90 times
  • The average score is 12 of 28

Answer Stats

země% Correct
Česko
97%
Itálie
90%
Rusko
84%
Španělsko
79%
Německo
77%
Francie
73%
Polsko
71%
Indie
57%
Brazílie
52%
Portugalsko
52%
Mexiko
43%
Spojené státy
43%
Argentina
40%
Švédsko
38%
Belgie
36%
Turecko
36%
Spojené
království
34%
Nizozemí
27%
Maďarsko
25%
Slovinsko
17%
Litva
16%
Kolumbie
14%
Srbsko
14%
Írán
13%
Estonsko
12%
Izrael
9%
Panama
3%
Bahrajn
0%

Score Distribution

Percentile by Number Answered

Percent of People with Each Score

Your Score History

You have not taken this quiz